| 000 | 00415nam a2200181Ia 4500 | ||
|---|---|---|---|
| 001 | 24447 | ||
| 005 | 20260414151044.0 | ||
| 008 | 260414t2008||||xx |||||||||||||| ||spa|| | ||
| 041 | _aESP | ||
| 082 |
_a345.7 _bO697 V. 2 |
||
| 100 |
_aVellani, Mario _eAUT |
||
| 245 | 0 |
_aNaturaleza de la cosa juzgada _b |
|
| 260 | _c2008 | ||
| 300 |
_a _c28 cm. |
||
| 650 | _aDER | ||
| 654 | _aCDE | ||
| 942 |
_cLIB _dJUS _fJUS _2ddc _n |
||
| 999 |
_c24447 _d24447 |
||